Most Charitable Countries - Statistics

General Stats
  • This quiz has been taken 49 times
  • The average score is 13 of 15
Answer Stats
Amount (billions of USD) Country % Correct
17.78 Germany
100%
31.08 United States
100%
4.29 Canada
98%
9.23 France
98%
18.70 United Kingdom
98%
3.84 Italy
96%
3.22 Australia
89%
9.32 Japan
89%
7.09 Sweden
89%
4.28 Norway
85%
2.57 Denmark
81%
3.54 Switzerland
81%
5.81 Netherlands
79%
1.89 Belgium
72%
1.91 South Korea
66%
No matching quizzes found
Score Distribution
Percent of People with Each Score
Percentile by Number Answered
Your Score History
You have not taken this quiz